Tula - mesto hrdina

Bibliographic Details
Main Author: Berta, Pavol (Author)
Format: Article
Language:Slovak
PhysicalDescription:Obr.
Subjects:

MARC

LEADER 00000nab a2200000 a 4500
001 vtls008829190
003 SK-MaSNL
005 20260303171803.0
008 180405 1977 xo 000 0 slo
015 |a SNBRB1977 
040 |a SNKBUCL  |b slo  |c SNKBUCL  |e AACR2 
041 0 |a slo 
044 |a xo  |c SK 
080 |a 94(47)"1939/1945  |2 2001 
080 |a 94(100)"1939/1945  |2 2001 
100 1 |a Berta, Pavol  |4 aut  |9 272711 
245 1 0 |a Tula - mesto hrdina  |c Pavol Berta 
300 |b Obr. 
650 0 7 |a Zlatá hviezda (vyznamenanie)  |2 snkbucl  |9 1196566 
650 0 7 |a druhá svetová vojna (1939-1945)  |2 snkbucl  |9 169657 
651 7 |a Tula (Rusko)  |2 snkbucl  |9 88279 
773 0 |t Nové slovo  |g Roč. 19, č. 3 (1977), s. 20 
999 |c 2083350  |d 2085280